| 000 | 00368nam a22001217a 4500 | ||
|---|---|---|---|
| 008 | 240912b |||||||| |||| 00| 0 eng d | ||
| 040 |
_aNational Science Library _cNational Science Library |
||
| 080 | _aR 019.4(058):5/6 | ||
| 245 | _aLeipziger bucherkatalog 1967/68 | ||
| 260 |
_aLeipzig: _bDeutscher Buch-Export Und Import GMBH |
||
| 300 | _a182p. | ||
| 942 |
_2udc _cREF |
||
| 999 |
_c67391 _d67391 |
||